[Event "SVK-ch U14"]
[Site "Liptovsky Mikulas"]
[Date "2017.04.25"]
[Round "6"]
[White "Hadzala, Jan"]
[Black "Chovancak, Michal"]
[Result "1-0"]
[WhiteElo "1020"]
[BlackElo "1040"]
[PlyCount "115"]
[EventDate "2017.04.22"]
[EventType "swiss"]
[EventRounds "9"]
[EventCountry "SVK"]
[SourceTitle "CBM 178 Extra"]
[Source "ChessBase"]
[SourceDate "2017.06.22"]
[SourceVersion "1"]
[SourceVersionDate "2017.06.22"]
[SourceQuality "1"]

1. e4 e5 2. Nf3 Nc6 3. Bb5 d6 4. Bxc6+ bxc6 5. 0-0 Nf6 6. Qe2 a5 7. d3 Ba6 8. Bg5 Be7 9. Bxf6 Bxf6 10. Rd1 0-0 11. Qe3 Re8 12. d4 Qe7 13. dxe5 Bxe5 14. Nxe5 Qxe5 15. Nc3 Bc4 16. Qd4 Bb5 17. Qxe5 Rxe5 18. Nxb5 cxb5 19. f3 Rd8 20. Rd5 c6 21. Rxe5 dxe5 22. a4 b4 23. c3 c5 24. cxb4 cxb4 25. Rc1 f6 26. Rc5 Ra8 27. Kf2 Kf7 28. Ke3 Ke6 29. Kd3 Kd6 30. Kc4 g6 31. Rb5 Rc8+ 32. Kd3 Rc5 33. Rb6+ Rc6 34. Rxc6+ Kxc6 35. Kc4 h5 36. h4 g5 37. g3 b3 38. Kxb3 Kc5 39. Kc3 Kd6 40. b4 axb4+ 41. Kxb4 Kc6 42. a5 Kb7 43. Kb5 Ka7 44. a6 Ka8 45. Kb6 Kb8 46. hxg5 fxg5 47. Kc6 Ka7 48. Kd6 Kxa6 49. Kxe5 g4 50. f4 Kb7 51. f5 Kc7 52. Ke6 Kd8 53. Kf7 h4 54. Kg7 Ke8 55. f6 h3 56. f7+ Kd7 57. f8Q h2 58. Qh8 1-0

[Event "SVK-ch U14"]
[Site "Liptovsky Mikulas"]
[Date "2017.04.23"]
[Round "3"]
[White "Hadzala, Jan"]
[Black "Bobro, Jan"]
[Result "0-1"]
[WhiteElo "1020"]
[BlackElo "1539"]
[PlyCount "66"]
[EventDate "2017.04.22"]
[EventType "swiss"]
[EventRounds "9"]
[EventCountry "SVK"]
[SourceTitle "CBM 178 Extra"]
[Source "ChessBase"]
[SourceDate "2017.06.22"]
[SourceVersion "1"]
[SourceVersionDate "2017.06.22"]
[SourceQuality "1"]

1. e4 e5 2. Nf3 Nf6 3. d3 Nc6 4. Bg5 h6 5. Bxf6 Qxf6 6. Be2 Bc5 7. 0-0 0-0 8. Nc3 d6 9. Nd5 Qd8 10. c3 a6 11. d4 exd4 12. cxd4 Ba7 13. Qc2 Bxd4 14. Nxd4 Nxd4 15. Qc4 Nxe2+ 16. Qxe2 Re8 17. Rac1 c6 18. Nf4 Qg5 19. g3 d5 20. h4 Qf6 21. Nh5 Qf5 22. Qc2 Qxh5 23. exd5 Qxd5 24. Rce1 Bh3 25. Rxe8+ Rxe8 26. f3 Bxf1 27. Kxf1 Qxf3+ 28. Qf2 Qh1+ 29. Qg1 Re1+ 30. Kf2 Qxg1+ 31. Kf3 Re3+ 32. Kg4 Qxg3+ 33. Kh5 Re5# 0-1

[Event "SVK-ch U12"]
[Site "Liptovsky Mikulas"]
[Date "2016.04.23"]
[Round "9"]
[White "Kotora, Marko"]
[Black "Hadzala, Jan"]
[Result "1/2-1/2"]
[WhiteElo "1304"]
[BlackElo "1000"]
[PlyCount "21"]
[EventDate "2016.04.16"]
[EventType "swiss"]
[EventRounds "9"]
[EventCountry "SVK"]
[SourceTitle "CBM 172 Extra"]
[Source "ChessBase"]
[SourceDate "2016.06.21"]
[SourceVersion "1"]
[SourceVersionDate "2016.06.21"]
[SourceQuality "1"]

1. e4 e5 2. Nf3 Nf6 3. Nc3 Nc6 4. Bc4 Nh5 5. g3 Bb4 6. d3 Bxc3+ 7. bxc3 0-0 8. 0-0 d6 9. Bb5 Bd7 10. Bxc6 Bxc6 11. d4 1/2-1/2

[Event "SVK-ch U12"]
[Site "Tatralandia"]
[Date "2015.04.21"]
[Round "5"]
[White "Hadzala, Jan"]
[Black "Kossuth, Tomas"]
[Result "0-1"]
[WhiteElo "1000"]
[BlackElo "1140"]
[PlyCount "90"]
[EventDate "2015.04.18"]
[EventType "swiss"]
[EventRounds "9"]
[EventCountry "SVK"]
[SourceTitle "CBM 166 Extra"]
[Source "ChessBase"]
[SourceDate "2015.06.18"]
[SourceVersion "1"]
[SourceVersionDate "2015.06.18"]
[SourceQuality "1"]

1. e4 e5 2. Qh5 Nc6 3. Bc4 g6 4. Qf3 Nf6 5. d3 Bg7 6. Nh3 0-0 7. Bg5 Nd4 8. Qd1 d6 9. 0-0 Be6 10. Bxe6 Nxe6 11. Bxf6 Bxf6 12. Qf3 Bg7 13. Nd2 Nd4 14. Qd1 Qf6 15. f4 Qe7 16. fxe5 dxe5 17. c3 Nc6 18. Qe1 Rad8 19. Qg3 Qd6 20. Nf3 Qxd3 21. Nhg5 Qe3+ 22. Qf2 Qxf2+ 23. Rxf2 Rd7 24. Rd2 Rfd8 25. Rad1 Rxd2 26. Rxd2 Rxd2 27. Nxd2 Bh6 28. Ngf3 Bxd2 29. Nxd2 b5 30. b4 a5 31. bxa5 Nxa5 32. a3 Kf8 33. Nf3 f6 34. g4 Ke7 35. g5 c5 36. gxf6+ Kxf6 37. Nd2 Kg5 38. Nf3+ Kf4 39. Nd2 Ke3 40. Nf1+ Kxe4 41. Nd2+ Kd3 42. Nb1 Kc2 43. a4 Kxb1 44. axb5 Kc2 45. b6 Kxc3 0-1